MARC

LEADER 00000nam0a2200000 4500
001 278898
005 20231101235146.0
035 |a (RuTPU)RU\TPU\book\302176 
090 |a 278898 
100 |a 20141215d1955 m y0rusy50 ca 
101 0 |a rus 
102 |a RU 
105 |a a z 001zy 
200 1 |a Внутреннее строение Земли  |f В. Ф. Бончковский  |g Всесоюзное общество по распространению политических и научных знаний 
210 |a Москва  |c Знание  |d 1955 
215 |a 32 с.  |c ил. 
320 |a Библиогр.: с. 32. 
606 1 |a Земля  |x Строение в целом  |2 stltpush  |3 (RuTPU)RU\TPU\subj\11738  |9 38645 
610 1 |a поверхность 
610 1 |a внутреннее строение 
610 1 |a схема 
610 1 |a земные недра 
610 1 |a температура 
610 1 |a плотность 
610 1 |a сила тяжести 
610 1 |a движение 
675 |a 551.1  |v 3 
700 1 |a Бончковский  |b В. Ф. 
712 0 2 |a Всесоюзное общество по распространению политических и научных знаний  |c (1947-1963)  |c (Москва)  |2 stltpush  |3 (RuTPU)RU\TPU\col\144  |9 23224 
801 1 |a RU  |b 63413507  |c 20141215 
801 2 |a RU  |b 63413507  |c 20150122  |g RCR 
942 |c BK